[Event "It (open)"]
[Site "masterchessopen.com Sort (Spain)"]
[Date "2006.06.26"]
[Round "1"]
[White "Ananos Palacios David (ESP)"]
[Black "Gupta Abhijeet (IND)"]
[Result "0-1"]
[WhiteElo "2020"]
[BlackElo "2481"]

1.e4 c5 2.Nf3 d6 3.d4 cxd4 4.Nxd4 Nf6 5.Nc3 Nc6 6.Bg5 e6 7.f4 Be7 8.Qd2 O-O
9.O-O-O Nxd4 10.Qxd4 Qa5 11.Kb1 h6 12.Bh4 Rd8 13.Bd3 e5 14.Qf2 exf4 15.Nd5
Nxd5 16.exd5 g5 17.Qe1 Qxe1 18.Rdxe1 Bf6 19.Bf2 Bd7 20.h3 a6 21.Re2 Re8
22.Rhe1 Kf8 23.c3 Rxe2 24.Rxe2 f3 25.gxf3 Bxh3 26.Bg3 Kg7 27.Rh2 Bd7 28.Bxd6
b5 29.Kc2 Rh8 30.a4 h5 31.axb5 axb5 32.Bf1 h4 33.b3 Bf5+ 34.Bd3 Bxd3+ 35.Kxd3
Rd8 36.Bc5 Rxd5+ 37.Bd4 Bxd4 38.cxd4 f5 39.f4 Kg6 40.fxg5 Kxg5 41.Ke3 Rd8
42.Rg2+ Kf6 43.Rh2 Rh8 44.Kf4 h3 45.Ke3 Ke6 46.Kd3 Kd5 47.Kc3 f4 48.Kd3 b4
{#R} 0-1

[Event "Ch Greece (team)"]
[Site "masterchessopen.com Ermioni (Greece)"]
[Date "2006.07.04"]
[Round "2"]
[White "Nikolova Adriana (BUL)"]
[Black "Polizou Dionisia (GRE)"]
[Result "1-0"]
[WhiteElo "2167"]
[BlackElo "1909"]

1.e4 c5 2.Nf3 Nc6 3.d4 cxd4 4.Nxd4 Nf6 5.Nc3 d6 6.Bg5 e6 7.Qd2 Be7 8.O-O-O
Nxd4 9.Qxd4 O-O 10.f4 Qa5 11.Kb1 Rd8 12.Be2 Bd7 13.Qe3 Bc6 14.Bf3 h6 15.Bh4
Ng4 16.Qe1 Bxh4 17.Qxh4 Ne3 18.Rd3 Nc4 19.Qf2 Qb4 20.Nd1 Rac8 21.a3 Qc5
22.Qxc5 dxc5 23.Kc1 Rxd3 24.cxd3 Nb6 25.b3 Rd8 26.Kc2 Nd7 27.Ne3 b5 28.b4 Rc8
29.Kb3 cxb4 30.axb4 Bb7 31.g4 e5 32.Nf5 {#r} 1-0

[Event "Ch Poland (juniors) (1 liga)"]
[Site "masterchessopen.com Szklarska Poreba (Poland)"]
[Date "2006.07.05"]
[Round "5"]
[White "Jacek Krystian (POL)"]
[Black "Janczarski Michal (POL)"]
[Result "0-1"]
[WhiteElo "1859"]
[BlackElo "2087"]

1.e4 c5 2.Nf3 Nc6 3.d4 cxd4 4.Nxd4 Nf6 5.Nc3 d6 6.Bg5 e6 7.Qd2 Be7 8.O-O-O O-O
9.f4 Nxd4 10.Qxd4 Qa5 11.Kb1 e5 12.Qd2 Bg4 13.Be2 Bxe2 14.Qxe2 exf4 15.Bxf4
Rfd8 16.g4 Rac8 17.g5 Ne8 18.Nd5 Bf8 19.Qh5 Qa4 20.Qe2 Nc7 21.Nf6+ Kh8 22.Rd3
gxf6 23.Ra3 Qc6 24.Rc3 Qa4 25.Ra3 Qc6 26.Rc3 Qe8 27.Rh3 Qe6 28.Qf3 Bg7 29.Rg1
f5 30.Rxh7+ Kxh7 31.Qh3+ Kg6 32.Qg3 Qxe4 33.h4 Rh8 34.Rd1 Ne6 35.h5+ Rxh5 {#R}
0-1

[Event "Ch Poland (juniors) (1 liga)"]
[Site "masterchessopen.com Szklarska Poreba (Poland)"]
[Date "2006.07.07"]
[Round "8"]
[White "Panocki Adrian (POL)"]
[Black "Galazewski Tomasz (POL)"]
[Result "1-0"]
[WhiteElo "2293"]
[BlackElo "2205"]

1.e4 c5 2.Nf3 d6 3.d4 cxd4 4.Nxd4 Nf6 5.Nc3 Nc6 6.Bg5 e6 7.Qd2 Be7 8.O-O-O
Nxd4 9.Qxd4 O-O 10.f4 Qa5 11.e5 dxe5 12.Qxe5 Qb6 13.Na4 Qc6 14.Bb5 Qxg2
15.Rhg1 Qf3 16.Bxf6 Bxf6 17.Qxf6 g6 18.Kb1 {#r} 1-0

[Event "Memorial Petr Izmailov (active)"]
[Site "masterchessopen.com Tomsk (Russia)"]
[Date "2006.07.12"]
[Round "2"]
[White "Kasimdzhanov Rustam (UZB)"]
[Black "Ponomariov Ruslan (UKR)"]
[Result "1-0"]
[WhiteElo "2672"]
[BlackElo "2703"]

{ Ponomariov Ruslan (UKR) +0 =1 -0 } 1.e4 c5 2.Nf3 d6 3.d4 cxd4 4.Nxd4 Nf6
5.Nc3 Nc6 6.Bg5 e6 7.Qd2 Be7 8.O-O-O Nxd4 9.Qxd4 O-O 10.f4 Qa5 11.Bc4 Bd7
12.e5 dxe5 13.fxe5 Bc6 14.Bd2 { ?/= } 14...Bc5 ( 14...Nd7 15.Nd5 Qd8 16.Nxe7+
Qxe7 17.Rhe1 Rfd8 18.Qg4 Nf8 19.Bd3 Rxd3 20.cxd3 Qd7 21.Bb4 Ng6 22.Bd6 f5
23.Qg5 Bd5 24.b3 Qc6+ 25.Kb2 Qb6 26.g3 Qd4+ 27.Kb1 Rc8 28.Qe3 Qxe3 29.Rxe3 f4
30.gxf4 Nxf4 31.Rf1 Ng6 32.Rc1 Rxc1+ 33.Kxc1 Nh4 34.Re2 { ...1/2-1/2, Svidler
Peter 2710 - Anand Viswanathan 2795 , Linares 1998 It (cat.21) } ) 15.Qf4 (
15.Qh4 Nd7 16.Nd5 ( 16.Rhe1 Rfc8 { +0.41 CAP } ) 16...Qa4 17.Nf6+ Nxf6 18.exf6
Rfd8 19.Qg5 Bf8 20.fxg7 Bd6 21.Bd3 f5 22.Kb1 Be5 23.Bc1 Bd5 24.c4 Be4 25.Qe7
Qxc4 26.Bxe4 Rxd1 27.Rxd1 Qxe4+ 28.Ka1 Bxg7 29.Rd7 Qxg2 30.Qxe6+ Kh8 31.Qxf5
Rc8 32.Kb1 Qxh2 33.Qd3 Qf2 34.a3 Qf6 { ...1/2-1/2, Bologan Viktor 2666 -
Kotronias Vasilios 2598 , Turin 28. 5.2006 Olympiad } ) 15...Nd7 16.Rhe1 {
+0.00 CAP N } ( 16.Ne4 Qa4 { 1/2-1/2, Jaracz Pawel 2445 - Skalik Przemyslaw
2370 , Krynica 1997 Ch Poland (team) } 17.Nc3 Qa5 18.Ne4 Qa4 19.Nc3 { 1/2-1/2,
Grischuk Alexander 2719 - Ponomariov Ruslan 2738 , Foros 24. 6.2006 It
"Aerosvit" (cat.18) } ) 16...Qc7 17.Qg3 Rfc8 18.Bh6 Bf8 19.Rd4 g6 20.Bxf8 Nxf8
21.h4 Rd8 22.Rf4 Rd7 23.h5 Rad8 24.Qh4 Rc8 25.Bd3 Qd8 26.Qg3 Rd4 27.Ref1 Rxf4
28.Qxf4 Rc7 29.Be4 gxh5 { ?! } ( 29...Bd5 { !? } 30.h6 Bc4 31.Rd1 Nd7 32.Kb1
Qe7 33.Bf3 a5 34.Ne4 { } ) 30.Bxc6 Ng6 31.Qh6 bxc6 32.Ne4 f5 33.exf6 Qd4
34.Rd1 { } {#r} 1-0

[Event "It (open)"]
[Site "masterchessopen.com Pardubice (Czech Republic)"]
[Date "2006.07.26"]
[Round "6"]
[White "Smikovski Ivan (RUS)"]
[Black "Rau Hannes (GER)"]
[Result "1-0"]
[WhiteElo "2552"]
[BlackElo "2422"]

1.e4 c5 2.Nf3 Nc6 3.d4 cxd4 4.Nxd4 Nf6 5.Nc3 d6 6.Bg5 e6 7.Qd2 Be7 8.O-O-O
Nxd4 9.Qxd4 O-O 10.f4 Qa5 11.Bc4 Bd7 12.e5 dxe5 13.fxe5 Bc6 14.Bd2 Nd7 15.Nd5
Qd8 16.Nxe7+ Qxe7 17.Rhe1 Rfd8 18.Qg4 Nf8 19.Bd3 Rd5 20.Bb4 Qd8 21.Qg3 Ng6
22.c4 Rd4 23.Bc5 Rd7 24.Bd6 Rc8 25.Kb1 Qh4 26.Rd2 Qxg3 27.hxg3 f5 28.b4 a6
29.b5 axb5 30.cxb5 Bd5 31.Bxf5 Bc4 32.Bg4 Ne7 33.Rc1 Kf7 34.Kb2 Rdd8 35.a4 Nf5
36.Rdc2 Ne3 37.Rc3 Nxg4 38.Rxc4 Rxc4 39.Rxc4 Ne3 40.Rc7+ Kg6 41.Rxb7 Kf5
42.Kb3 Ke4 43.a5 Kd4 44.Bc7 {#r} 1-0

[Event "It (open)"]
[Site "masterchessopen.com Pardubice (Czech Republic)"]
[Date "2006.07.29"]
[Round "9"]
[White "Simacek Pavel (CZE)"]
[Black "Rau Hannes (GER)"]
[Result "0-1"]
[WhiteElo "2479"]
[BlackElo "2422"]

1.e4 c5 2.Nf3 Nc6 3.d4 cxd4 4.Nxd4 Nf6 5.Nc3 d6 6.Bg5 e6 7.Qd2 Be7 8.O-O-O
Nxd4 9.Qxd4 O-O 10.f4 Qa5 11.Bc4 Bd7 12.e5 dxe5 13.fxe5 Bc6 14.Bd2 Nd7 15.Nd5
Qc5 16.Nxe7+ Qxe7 17.Rhe1 Rfd8 18.Qg4 Nf8 19.Bd3 Rd5 20.Bb4 Qd8 21.Bd6 Ng6
22.Bxg6 hxg6 23.h4 Qa5 24.a3 Rc8 25.Bb4 Qc7 26.Bd6 Qa5 27.Bb4 Qb6 28.Qf4 Rxd1+
29.Rxd1 Bxg2 30.Rd2 Bh3 31.Qd4 Qc6 32.Qc3 Qh1+ 33.Rd1 Rxc3 34.Rxh1 Rf3 35.Rd1
Bg2 36.Rd8+ Kh7 37.Rf8 f5 38.Bc5 a6 39.Kd2 Rf4 40.Be7 Re4 41.Rf7 Rd4+ 42.Ke3
Rd7 43.Kf4 Rc7 44.c4 Bc6 {#R} 0-1

[Event "It (open)"]
[Site "masterchessopen.com Abudhabi (United Arab Emirates)"]
[Date "2006.08.15"]
[Round "4"]
[White "Rausis Igors (CZE)"]
[Black "Miroshnichenko Evgenij (UKR)"]
[Result "0-1"]
[WhiteElo "2521"]
[BlackElo "2627"]

{ Miroshnichenko Evgenij (UKR) +1 =3 -2 } 1.e4 c5 2.Nf3 d6 3.d4 cxd4 4.Nxd4
Nf6 5.Nc3 Nc6 6.Bg5 e6 7.Qd2 Be7 8.O-O-O Nxd4 9.Qxd4 O-O 10.f4 Qa5 11.e5 dxe5
12.Qxe5 Qxe5 13.fxe5 Nd5 14.Bxe7 Nxe7 15.Bd3 b6 16.Be4 Rb8 17.Rhe1 { = }
17...Bb7 18.Nb5 { +0.15 CAP } ( 18.Rd7 Bxe4 19.Rxe7 Rb7 20.Rxb7 Bxb7 21.g3 Bc6
22.a4 Rd8 23.b3 Kf8 24.Nb5 a6 25.Nd6 f5 26.Kd2 Ke7 27.Ke3 g5 28.Rd1 h5 29.Rd4
Rf8 30.h4 f4+ 31.gxf4 gxh4 32.f5 exf5 33.Rxh4 Ke6 34.Kf4 Be4 35.Rxh5 Bxc2
36.Rh6+ Kd5 37.Nc4 Bxb3 { ...1-0, Bilek Istvan 2375 - Szilagyi Gyorgy 2370 ,
Budapest 1955 Ch Hungary } ) 18...a6 { N } ( 18...Bxe4 19.Rxe4 Nc6 20.Rd6 Rfc8
21.Rc4 Nxe5 22.Rxc8+ Rxc8 23.Nxa7 Rb8 24.Nc6 Nxc6 25.Rxc6 g5 26.a4 Kg7 27.c4
Kf6 28.Kc2 Ke5 29.b4 f5 30.Kb3 f4 31.c5 bxc5 32.Rxc5+ Kd4 33.Rxg5 e5 34.a5 e4
35.Rf5 f3 36.gxf3 e3 37.Rf4+ Kd3 38.Re4 { ...1-0, Sadvakasov Darmen 2619 -
Miroshnichenko Evgenij 2597 , Dubai 28. 4.2006 It (open) } ) 19.Nc7 a5 20.Rd7
Ng6 21.Bxg6 hxg6 22.g3 g5 23.b3 Rfc8 24.Rf1 Bc6 25.Re7 Rf8 26.c4 Rb7 27.Kb2 b5
28.cxb5 Bxb5 29.Rf2 Bd3 30.a4 Be4 31.Ka3 Rfb8 32.Re8+ Rxe8 33.Nxe8 Bd5 34.Rb2
Kf8 35.Nd6 Rb4 36.Nb5 Re4 37.Nc3 Rxe5 38.b4 Re3 39.Rc2 Be4 40.Rc1 axb4+
41.Kxb4 Bd3 42.Kc5 f5 43.a5 f4 44.Ra1 { ? } ( { ? } 44.gxf4 gxf4 45.Kb6 f3
46.a6 Bxa6 47.Kxa6 f2 48.Rf1 Rxc3 49.Rxf2+ Ke7 50.Rg2 Kf6 51.Rf2+ { } )
44...Ba6 45.Kb6 Rxc3 46.Kxa6 Rb3 47.Ka7 f3 48.a6 e5 49.Re1 e4 { } {#R} 0-1

[Event "It (open)"]
[Site "masterchessopen.com Kuala Lumpur (Malaysia)"]
[Date "2006.08.22"]
[Round "3"]
[White "Nguyen Anh Dung (VIE)"]
[Black "Ginting Nasib (INA)"]
[Result "1-0"]
[WhiteElo "2541"]
[BlackElo "2393"]

1.e4 c5 2.Nf3 d6 3.d4 cxd4 4.Nxd4 Nf6 5.Nc3 Nc6 6.Bg5 e6 7.f4 Be7 8.Qd2 O-O
9.O-O-O Nxd4 10.Qxd4 Qa5 11.Bc4 Bd7 12.Kb1 Bc6 13.Bb3 Rfd8 14.Rhe1 h6 15.Bh4
Qh5 16.Bg3 d5 17.exd5 Bxd5 18.Nxd5 Nxd5 19.c4 Nb4 20.Qe4 Nc6 21.h3 Bh4 22.Bxh4
Qxh4 23.Ba4 Qf2 24.a3 Rac8 25.Rf1 Rxd1+ 26.Rxd1 Na5 27.Bc2 g6 28.b3 Qb6 29.Ka2
Qc7 30.h4 h5 31.g4 hxg4 32.h5 Qe7 33.hxg6 f5 34.Qe1 Nc6 35.Rd3 Rc7 36.c5 Qf6
37.b4 Qxg6 38.b5 Ne7 39.Bb3 Qh7 40.Bxe6+ Kh8 41.Qa1+ Qg7 42.Qh1+ Qh7 43.Rd8+
Kg7 44.Qa1+ Kg6 45.Qe5 Qh2+ 46.Kb3 Qg3+ 47.Ka4 Qf2 48.Rg8+ Nxg8 49.Qxf5+ Kg7
50.Qxg4+ Kh6 {#r} 1-0

[Event "It (open)"]
[Site "masterchessopen.com Istanbul (Turkey)"]
[Round "2"]
[White "Nikolova Adriana (BUL)"]
[Black "Miroshnichenko Evgenij (UKR)"]
[Result "0-1"]
[WhiteElo "2167"]
[BlackElo "2627"]

1.e4 c5 2.Nf3 d6 3.d4 cxd4 4.Nxd4 Nf6 5.Nc3 Nc6 6.Bg5 e6 7.Qd2 Be7 8.O-O-O
Nxd4 9.Qxd4 O-O 10.f4 Qa5 11.Kb1 Rd8 12.Be2 Bd7 13.Qe3 Bc6 14.Bf3 h6 15.h4 Qc5
16.Qxc5 dxc5 17.Bxf6 Bxf6 18.h5 Bxc3 19.bxc3 e5 20.f5 Kf8 21.Kc1 Ke7 22.Rxd8
Rxd8 23.Rd1 Rxd1+ 24.Kxd1 Kf6 25.c4 Kg5 26.g3 f6 27.Ke2 Be8 28.Ke3 Bxh5 29.Bg2
Be8 30.Bf3 Ba4 31.c3 h5 32.Be2 Bc2 33.Kf3 h4 34.gxh4+ Kxh4 35.Ke3 Ba4 36.Kf3
Be8 37.Ke3 Kg3 38.Bf3 Bf7 39.Be2 Kg2 40.a3 Kg1 41.Bd3 Bh5 42.Bc2 Kf1 43.Bb3
Be2 44.Ba4 Ke1 45.Bb5 Bf1 46.Ba4 Bxc4 47.Bc2 b5 {#R} 0-1

[Event "Ch Europe (juniors) (under 14)"]
[Site "masterchessopen.com Herceg Novi (Montenegro)"]
[Date "2006.09.12"]
[Round "3"]
[White "Popilski Gil (ISR)"]
[Black "Bregadze Levan (GEO)"]
[Result "0-1"]
[WhiteElo "2194"]
[BlackElo "2269"]

1.e4 c5 2.Nf3 d6 3.d4 cxd4 4.Nxd4 Nf6 5.Nc3 Nc6 6.Bg5 e6 7.Qd2 Be7 8.O-O-O O-O
9.f4 Nxd4 10.Qxd4 Qa5 11.Bc4 Bd7 12.e5 dxe5 13.fxe5 Bc6 14.Bd2 Nd7 15.Nd5 Qd8
16.Nxe7+ Qxe7 17.Rhe1 Nb6 18.Bd3 Rfd8 19.Qg4 Rxd3 20.cxd3 Ba4 21.b3 Qa3+
22.Kb1 Bxb3 23.axb3 Qxb3+ 24.Ka1 Qa3+ 25.Kb1 Qxd3+ 26.Ka1 Qa3+ 27.Kb1 Qb3+
28.Ka1 Nc4 29.Bc1 Qa4+ 30.Kb1 Na3+ 31.Bxa3 Qxg4 32.Rd2 h5 33.Bd6 Rc8 34.Rc1
Rxc1+ 35.Kxc1 b5 36.Kb2 a5 37.Rc2 Qd4+ 38.Ka2 b4 39.Rb2 Qc4+ 40.Kb1 b3 41.Rd2
Qc3 {#R} 0-1

[Event "Ch Europe (juniors) (under 14)"]
[Site "masterchessopen.com Herceg Novi (Montenegro)"]
[Date "2006.09.14"]
[Round "5"]
[White "Kanarek Marcel (POL)"]
[Black "Bregadze Levan (GEO)"]
[Result "0-1"]
[WhiteElo "2244"]
[BlackElo "2269"]

1.e4 c5 2.Nf3 d6 3.d4 cxd4 4.Nxd4 Nf6 5.Nc3 Nc6 6.Bg5 e6 7.Qd2 Be7 8.O-O-O O-O
9.f4 Nxd4 10.Qxd4 Qa5 11.Kb1 Rd8 12.Be2 h6 13.h4 e5 14.Qd3 exf4 15.Bxf4 Be6
16.Nd5 Bxd5 17.exd5 Rac8 18.Bf3 Qa4 19.g3 Nd7 20.Bh5 Nc5 21.Qf5 Bf6 22.Rhe1
Qb4 23.Bc1 Na4 24.Qd3 Rc4 25.Be2 Nxb2 26.Qb3 Nxd1 27.Bxc4 Nc3+ 28.Ka1 Na4+
29.Kb1 Qa5 30.Rf1 Nc3+ 31.Ka1 Nxa2+ 32.Rxf6 Nxc1+ {#R} 0-1

[Event "It (open)"]
[Site "masterchessopen.com Port Erin (England)"]
[Date "2006.09.25"]
[Round "3"]
[White "Dworakowska Joanna (POL)"]
[Black "Wells Peter K (ENG)"]
[Result "0-1"]
[WhiteElo "2372"]
[BlackElo "2486"]

1.e4 c5 2.Nf3 Nc6 3.d4 cxd4 4.Nxd4 Nf6 5.Nc3 d6 6.Bg5 e6 7.Qd2 Be7 8.O-O-O O-O
9.f4 Nxd4 10.Qxd4 Qa5 11.Bc4 Bd7 12.e5 dxe5 13.fxe5 Bc6 14.Bd2 Nd7 15.Nd5 Qd8
16.Nxe7+ Qxe7 17.Rhe1 Nb6 18.Bf1 Rfd8 19.Qg4 Qc5 20.Bh6 Rxd1+ 21.Kxd1 Qf8
22.Bd3 Na4 23.Kc1 f5 24.exf6 Qxf6 25.Rxe6 Qxb2+ 26.Kd1 Qa1+ 27.Kd2 Rf8 28.Re7
Rf2+ 29.Be2 Qc3+ 30.Kd1 Nb2+ {#R} 0-1

[Event "Ch World (juniors) (under 14)"]
[Site "masterchessopen.com Batumi (Georgia)"]
[Date "2006.10.21"]
[Round "3"]
[White "Ter Sahakyan Samvel (ARM)"]
[Black "Merabishvili Alexandre (GEO)"]
[Result "1-0"]
[WhiteElo "2229"]
[BlackElo "2005"]

1.e4 c5 2.Nf3 d6 3.d4 cxd4 4.Nxd4 Nf6 5.Nc3 Nc6 6.Bg5 e6 7.Qd2 Be7 8.O-O-O O-O
9.f4 Nxd4 10.Qxd4 Qa5 11.e5 dxe5 12.Qxe5 Qc5 13.Be2 Nd7 14.Bxe7 Qxe7 15.Qc7 e5
16.Bb5 Rd8 17.Rhe1 f6 18.fxe5 fxe5 19.Rxe5 Qf6 20.Red5 Rf8 21.Bxd7 Rf7 22.Qc4
{#r} 1-0

[Event "Ch World (juniors) (under 18) (g)"]
[Site "masterchessopen.com Batumi (Georgia)"]
[Date "2006.10.21"]
[Round "3"]
[White "Pourkashiyan Atousa (IRI)"]
[Black "Majdan Joanna (POL)"]
[Result "1-0"]
[WhiteElo "2329"]
[BlackElo "2336"]

1.e4 c5 2.Nf3 d6 3.d4 cxd4 4.Nxd4 Nf6 5.Nc3 Nc6 6.Bg5 e6 7.Qd2 Be7 8.O-O-O O-O
9.f4 Nxd4 10.Qxd4 Qa5 11.Bc4 Bd7 12.e5 dxe5 13.fxe5 Bc6 14.Bd2 Nd7 15.Nd5 Qd8
16.Nxe7+ Qxe7 17.Rhe1 Rfd8 18.Qg4 Nf8 19.Bd3 Rd5 20.h4 Rc8 21.Bb4 Qd8 22.Kb1
Qb6 23.Rf1 Qe3 24.Rxf7 Kxf7 25.Rf1+ Kg8 26.Bxf8 Rd7 27.Qxe6+ Kh8 28.Bxg7+ {#r}
1-0

[Event "It (open)"]
[Site "masterchessopen.com Zadar (Croatia)"]
[Date "2006.12.15"]
[Round "7"]
[White "Fercec Nenad (CRO)"]
[Black "Ermenkov Evgenij (PLE)"]
[Result "1-0"]
[WhiteElo "2504"]
[BlackElo "2455"]

1.e4 c5 2.Nf3 d6 3.d4 cxd4 4.Nxd4 Nf6 5.Nc3 Nc6 6.Bg5 e6 7.Qd2 Be7 8.O-O-O
Nxd4 9.Qxd4 O-O 10.f4 Qa5 11.Bc4 Bd7 12.Kb1 Bc6 13.Bb3 Rfd8 14.Rhf1 b5 15.Nd5
Nxd5 16.exd5 Bxg5 17.fxg5 e5 18.Qh4 Bd7 19.c3 Rf8 20.Bc2 g6 21.Rf6 Rad8
22.Rdf1 Qb6 23.a3 Bc8 24.Rxf7 Rxf7 25.Rxf7 h5 26.Rf6 Qg1+ 27.Ka2 Qxg2 28.Rxg6+
Kf8 29.Qxh5 Qh3 30.Rf6+ Kg7 31.Rf7+ {#r} 1-0

[Event "It \"]
[Site "masterchessopen.com Paris (France)"]
[Date "2006.12.19"]
[Round "7"]
[White "Strugnell Carl (FRA)"]
[Black "Inkiov Ventzislav (BUL)"]
[Result "0-1"]
[WhiteElo "2233"]
[BlackElo "2523"]

1.e4 c5 2.Nf3 d6 3.d4 cxd4 4.Nxd4 Nf6 5.Nc3 Nc6 6.Bg5 e6 7.Qd2 Be7 8.O-O-O O-O
9.f4 Nxd4 10.Qxd4 Qa5 11.Bc4 Bd7 12.e5 dxe5 13.fxe5 Bc6 14.Bd2 Nd7 15.Nd5 Qd8
16.Nxe7+ Qxe7 17.Rhe1 Nb6 18.Bd3 Rfd8 19.Qg4 Rxd3 20.cxd3 Ba4 21.Bh6 f5
22.exf6 Qxf6 23.Bd2 Rc8+ 24.Kb1 Bc2+ 25.Ka1 Bxd1 26.Rxd1 Nd5 27.Kb1 Rc6 28.Rc1
Qf5 29.Qe2 Rxc1+ 30.Kxc1 {#R} 0-1

[Event "Ch India"]
[Site "masterchessopen.com Atul (India)"]
[Date "2006.12.23"]
[Round "7"]
[White "Himanshu Sharma (IND)"]
[Black "Bakre Tejas (IND)"]
[Result "0-1"]
[WhiteElo "2387"]
[BlackElo "2447"]

1.e4 c5 2.Nf3 d6 3.d4 cxd4 4.Nxd4 Nf6 5.Nc3 Nc6 6.Bg5 e6 7.Qd2 Be7 8.O-O-O O-O
9.f4 Nxd4 10.Qxd4 Qa5 11.Bc4 Bd7 12.e5 dxe5 13.fxe5 Bc6 14.Bd2 Nd7 15.Nd5 Qd8
16.Nxe7+ Qxe7 17.Rhe1 Nb6 18.Bf1 Rfd8 19.Qg4 Rac8 20.Bb4 Rxd1+ 21.Rxd1 Qe8
22.Qd4 Nd5 23.Bd6 Bb5 24.Qxa7 Qc6 25.Qf2 Bxf1 26.Rxf1 f5 27.Rd1 Qc4 28.Kb1 Ne3
29.Rd3 Ng4 30.Qd2 Nxh2 31.b3 Qe4 32.a4 Ng4 33.a5 h5 34.Rd4 Qc6 35.Rc4 Qd7
36.Rxc8+ Qxc8 37.Kb2 Qc6 38.b4 Qe4 39.Kb3 h4 40.b5 Ne3 41.Qd3 Qxg2 42.a6 bxa6
43.b6 h3 44.Qxa6 Qxc2+ 45.Ka3 Nc4+ 46.Kb4 Qb2+ {#R} 0-1

[Event "It \"]
[Site "masterchessopen.com Peterhof (Russia)"]
[Date "2007.01.05"]
[Round "3"]
[White "Shimanov Aleksandr (RUS)"]
[Black "Kim Alexey (KOR)"]
[Result "1-0"]
[WhiteElo "2447"]
[BlackElo "2442"]

1.e4 c5 2.Nf3 d6 3.d4 cxd4 4.Nxd4 Nf6 5.Nc3 Nc6 6.Bg5 e6 7.Qd2 Be7 8.O-O-O O-O
9.f4 Nxd4 10.Qxd4 Qa5 11.Bc4 e5 12.Qd2 Qc5 13.Bb3 h6 14.Bxf6 Bxf6 15.Nd5 Bd8
16.g3 Bg4 17.Rdf1 a5 18.a3 Rc8 19.Kb1 exf4 20.gxf4 Be6 21.Rf3 Qa7 22.Rd3 b5
23.Qg2 Bxd5 24.Rxd5 a4 25.Ba2 Qe3 26.Rf1 b4 27.axb4 Bf6 28.Qf3 Qb6 29.e5 Be7
30.Qg2 dxe5 31.Rg1 g6 32.Rxe5 {#r} 1-0

[Event "Ch Suvorov"]
[Site "masterchessopen.com Suvorov (Russia)"]
[Date "2007.02.02"]
[Round "9"]
[White "Zhukov Vladimir (RUS)"]
[Black "Trunov Andrey (RUS)"]
[Result "1-0"]
[WhiteElo "2216"]
[BlackElo "2024"]

1.e4 c5 2.Nf3 Nc6 3.d4 cxd4 4.Nxd4 Nf6 5.Nc3 d6 6.Bg5 e6 7.Qd2 Be7 8.O-O-O O-O
9.f4 Nxd4 10.Qxd4 Qa5 11.Bc4 Bd7 12.e5 dxe5 13.fxe5 Nd5 14.Bxe7 Nxe7 15.Qxd7
Ng6 16.Qxb7 Rab8 17.Qe4 Nxe5 18.Bb3 Qc7 19.Rhf1 Ng6 20.g3 {#r} 1-0

[Event "Bayern Landesliga North 2006/07"]
[Site "masterchessopen.com Bayern (Germany)"]
[Date "2007.02.04"]
[Round "5"]
[White "Lauer Moritz (GER)"]
[Black "Werner Claus (GER)"]
[Result "1-0"]
[WhiteElo "2296"]
[BlackElo "2239"]

1.e4 c5 2.Nf3 d6 3.d4 cxd4 4.Nxd4 Nf6 5.Nc3 Nc6 6.Bg5 e6 7.Qd2 Be7 8.O-O-O O-O
9.f4 Nxd4 10.Qxd4 Qa5 11.Bc4 Bd7 12.e5 dxe5 13.fxe5 Rfd8 14.Bd2 Ne8 15.Nd5 Qc5
16.Nxe7+ Qxe7 17.Qg4 Bc6 18.Rhf1 Rac8 19.Rxf7 Kxf7 20.Rf1+ Nf6 21.exf6 gxf6
22.Bg5 Bd5 23.Bd3 Bxg2 24.Bxf6 Qxf6 25.Rxf6+ Kxf6 26.Qxg2 Rc7 27.h4 Rd5 28.Kd2
Rcd7 29.Qf2+ Kg7 30.Qxa7 Rd4 31.Qb8 {#r} 1-0

[Event "Ch Belgium (team) 2006/07"]
[Site "masterchessopen.com Belgium"]
[Date "2007.03.11"]
[Round "10"]
[White "Diepeveen Vincent (NED)"]
[Black "Vandevoort Pascal (BEL)"]
[Result "1-0"]
[WhiteElo "2290"]
[BlackElo "2375"]

1.e4 c5 2.Nf3 d6 3.d4 cxd4 4.Nxd4 Nf6 5.Nc3 Nc6 6.Bg5 e6 7.Qd2 Be7 8.O-O-O O-O
9.f4 Nxd4 10.Qxd4 Qa5 11.Bc4 Bd7 12.Bxf6 Bxf6 13.e5 Be7 14.Bb3 Bc6 15.exd6
Rfd8 16.Qe5 Qxe5 17.fxe5 Bg5+ 18.Kb1 Bf4 19.Rhe1 Bxh2 20.Rd3 Bf4 21.g3 Bh6
22.Ne4 a5 23.Nc5 a4 24.Bc4 g6 25.b4 axb3 26.Rxb3 Ra7 27.Bb5 Bd5 28.c4 Bg2
29.Rg1 b6 30.Rxg2 bxc5 31.Rgb2 Bf8 32.Bc6 Bxd6 33.Rd2 Bc7 34.Rxd8+ Bxd8 35.Rb8
Ra3 36.Rxd8+ Kg7 37.Rd2 Rxg3 38.a4 {#r} 1-0

[Event "Ch Switzerland (team) 2007"]
[Site "masterchessopen.com Switzerland"]
[Date "2007.03.25"]
[Round "2"]
[White "Brendel Oliver (GER)"]
[Black "Aranovitch Emiliano (ITA)"]
[Result "1-0"]
[WhiteElo "2387"]
[BlackElo "2402"]

1.e4 c5 2.Nf3 d6 3.d4 cxd4 4.Nxd4 Nf6 5.Nc3 Nc6 6.Bg5 e6 7.Qd2 Be7 8.O-O-O
Nxd4 9.Qxd4 O-O 10.f4 Qa5 11.Bc4 Bd7 12.e5 dxe5 13.fxe5 Bc6 14.Bd2 Nd7 15.Nd5
Qc5 16.Nxe7+ Qxe7 17.Rhe1 Rfd8 18.Qg4 Nf8 19.Bd3 Rxd3 20.cxd3 Qd7 21.Bb4 Ng6
22.Kb1 Qd5 23.Qe4 Qxe4 24.dxe4 Nxe5 25.Rd4 f6 26.Bd6 Nf7 27.e5 f5 28.Re2 Re8
29.b3 g5 30.h4 h6 31.g3 Kg7 32.Kc1 Kg6 33.Kd2 Rc8 34.Be7 Re8 35.Bd6 Rc8 36.Be7
Bd5 37.Re1 Kh5 38.Ke3 Re8 39.Bd6 gxh4 40.gxh4 Rg8 41.Rxd5 exd5 42.Kd4 Rg2
43.Bf8 Kg6 44.e6 Rd2+ 45.Kc3 {#r} 1-0

[Event "Ch Europe"]
[Site "masterchessopen.com Dresden (Germany)"]
[Date "2007.04.13"]
[Round "10"]
[White "Jobava Baadur (GEO)"]
[Black "Armbrust Florian (GER)"]
[Result "1-0"]
[WhiteElo "2644"]
[BlackElo "2303"]

1.e4 c5 2.Nf3 d6 3.d4 cxd4 4.Nxd4 Nf6 5.Nc3 Nc6 6.Bg5 e6 7.Qd2 Be7 8.O-O-O
Nxd4 9.Qxd4 O-O 10.f4 Qa5 11.Qe3 Ng4 12.Qg3 Bxg5 13.fxg5 Qxg5+ 14.Kb1 h5
15.Be2 Bd7 16.Rxd6 Bc6 17.h3 Qe3 18.Bf3 Nf6 19.Re1 Qh6 20.e5 Ne8 21.Rd4 Qg6
22.Qxg6 fxg6 23.Bxc6 bxc6 24.Ne4 Rb8 25.b3 Rb5 26.Ng5 Rf5 27.Nf3 Rd5 28.c4
Rxd4 29.Nxd4 Rf2 30.Re2 Rxe2 31.Nxe2 Kf7 32.Nd4 c5 33.Nc6 a6 34.Nd8+ {#r} 1-0

[Event "It (cat.13)"]
[Site "masterchessopen.com Malme (Sweden)"]
[Date "2007.04.21"]
[Round "4"]
[White "Berg Emanuel (SWE)"]
[Black "Kotrotsos Vasilios (GRE)"]
[Result "1-0"]
[WhiteElo "2593"]
[BlackElo "2295"]

1.e4 c5 2.Nf3 Nc6 3.d4 cxd4 4.Nxd4 Nf6 5.Nc3 d6 6.Bg5 e6 7.Qd2 Be7 8.O-O-O O-O
9.f4 Nxd4 10.Qxd4 Qa5 11.Bc4 Bd7 12.e5 dxe5 13.fxe5 Bc6 14.Bd2 Nd7 15.Nd5 Qd8
16.Nxe7+ Qxe7 17.Rhe1 Rfc8 18.Qg4 Nf8 19.h4 Qc5 20.Bc3 Bb5 21.Bd3 Qb6 22.a4
Bxd3 23.Rxd3 Qa6 24.Re4 Rd8 25.Rg3 g6 26.h5 Rd5 27.Qf4 Rad8 28.b3 Rd1+ 29.Kb2
Rh1 30.Rf3 Rd7 31.h6 Qb6 32.Rd4 Qc7 33.Rxd7 Qxd7 34.Rd3 Qc7 35.Qf6 Rxh6 36.Bb4
{#r} 1-0

[Event "It (open) \"]
[Site "masterchessopen.com Wroclaw (Poland)"]
[Date "2007.04.21"]
[Round "7"]
[White "Kanarek Marcel (POL)"]
[Black "Pigula Marek (POL)"]
[Result "0-1"]
[WhiteElo "2324"]
[BlackElo "2230"]

1.e4 c5 2.Nf3 Nc6 3.d4 cxd4 4.Nxd4 Nf6 5.Nc3 d6 6.Bg5 e6 7.Qd2 Be7 8.O-O-O O-O
9.f4 Nxd4 10.Qxd4 Qa5 11.Kb1 Rd8 12.Be2 a6 13.Qe3 Qc7 14.Bf3 Ne8 15.f5 Nf6
16.g4 Bd7 17.Bf4 Bc6 18.g5 Nd7 19.g6 hxg6 20.fxg6 fxg6 21.Nd5 Bxd5 22.exd5 e5
23.Bg4 Nc5 24.Bg5 Rf8 25.h4 Bxg5 26.Qxg5 Rf6 27.h5 Ne4 28.Qe3 Nf2 29.Be6+ Kf8
30.h6 Nxd1 31.Qh3 gxh6 32.Qxh6+ Qg7 33.Qh8+ Qxh8 34.Rxh8+ Kg7 35.Rxa8 Rf1
36.b3 e4 37.Rg8+ Kh6 38.Rh8+ Kg5 39.Rh3 {#R} 0-1